5 największych miast w każdym województwie z lat 1975-1998 na mapie - Statystyki

Ogólne statystyki
  • Ten quiz został rozwiązany 314 razy
    306 od ostatniego zresetowania
  • Średni wynik to 120 z 244
Odpowiedzi na mapie
Odpowiedzi zakodowano w zielono-czerwonej skali na mapie do tego quizu, zgodnie z poniższymi procentami.
 
Statystyki odpowiedzi
Województwo z
z lat 1975-1998
Miasto % Poprawnych
Gdańskie Gdańsk
89%
Gdańskie Gdynia
89%
Szczecińskie Szczecin
89%
Białostockie Białystok
87%
Warszawskie Warszawa
87%
Bydgoskie Bydgoszcz
84%
Krakowskie Kraków
84%
Łódzkie Łódź
84%
Olsztyńskie Olsztyn
84%
Gorzowskie Gorzów Wielkopolski
83%
Kieleckie Kielce
83%
Koszalińskie Koszalin
83%
Poznańskie Poznań
83%
Suwalskie Suwałki
83%
Wrocławskie Wrocław
83%
Zielonogórskie Zielona Góra
83%
Elbląskie Elbląg
82%
Konińskie Koło
82%
Toruńskie Toruń
82%
Katowickie Katowice
81%
Lubelskie Lublin
81%
Opolskie Opole
81%
Szczecińskie Świnoujście
81%
Radomskie Radom
80%
Rzeszowskie Rzeszów
80%
Słupskie Słupsk
80%
Nowosądeckie Zakopane
80%
Częstochowskie Częstochowa
79%
Jeleniogórskie Jelenia Góra
79%
Pilskie Piła
79%
Chełmskie Chełm
78%
Płockie Płock
78%
Wałbrzyskie Wałbrzych
78%
Suwalskie Ełk
77%
Koszalińskie Kołobrzeg
77%
Nowosądeckie Nowy Sącz
77%
Przemyskie Przemyśl
77%
Zamojskie Zamość
77%
Bielskie Bielsko-Biała
76%
Kaliskie Kalisz
76%
Legnickie Legnica
76%
Łomżyńskie Łomża
76%
Tarnowskie Tarnów
76%
Katowickie Gliwice
75%
Krośnieńskie Krosno
75%
Legnickie Lubin
75%
Konińskie Konin
74%
Warszawskie Pruszków
74%
Siedleckie Siedlce
74%
Katowickie Sosnowiec
74%
Katowickie Zabrze
74%
Ostrołęckie Ostrołęka
73%
Tarnobrzeskie Tarnobrzeg
72%
Włocławskie Włocławek
72%
Bialskopodlaskie Biała Podlaska
71%
Szczecińskie Stargard Szczeciński
71%
Leszczyńskie Leszno
70%
Gdańskie Wejherowo
70%
Poznańskie Gniezno
69%
Bydgoskie Inowrocław
69%
Piotrkowskie Piotrków Trybunalski
69%
Toruńskie Grudziądz
68%
Suwalskie Augustów
67%
Katowickie Bytom
67%
Nowosądeckie Nowy Targ
67%
Tarnobrzeskie Sandomierz
66%
Skierniewickie Skierniewice
66%
Ciechanowskie Ciechanów
64%
Gdańskie Tczew
64%
Krakowskie Wieliczka
64%
Opolskie Kędzierzyn-Koźle
62%
Elbląskie Malbork
62%
Rzeszowskie Mielec
62%
Łódzkie Zgierz
61%
Opolskie Brzeg
60%
Bielskie Cieszyn
60%
Wałbrzyskie Kłodzko
60%
Kieleckie Ostrowiec Świętokrzyski
60%
Krośnieńskie Sanok
60%
Jeleniogórskie Zgorzelec
60%
Opolskie Nysa
59%
Łódzkie Pabianice
59%
Piotrkowskie Tomaszów Mazowiecki
59%
Legnickie Głogów
58%
Warszawskie Legionowo
58%
Piotrkowskie Bełchatów
57%
Bydgoskie Chojnice
57%
Sieradzkie Sieradz
57%
Tarnowskie Dębica
56%
Lubelskie Puławy
55%
Piotrkowskie Radomsko
55%
Tarnobrzeskie Stalowa Wola
55%
Olsztyńskie Iława
54%
Kaliskie Ostrów Wielkopolski
54%
Warszawskie Otwock
54%
Szczecińskie Police
54%
Gdańskie Starogard Gdański
54%
Bielskie Oświęcim
53%
Słupskie Ustka
53%
Tarnowskie Bochnia
52%
Białostockie Hajnówka
52%
Krośnieńskie Jasło
52%
Słupskie Lębork
52%
Koszalińskie Szczecinek
52%
Zamojskie Hrubieszów
51%
Przemyskie Jarosław
50%
Wałbrzyskie Świdnica
50%
Warszawskie Wołomin
50%
Bielskie Żywiec
50%
Suwalskie Giżycko
49%
Płockie Kutno
49%
Słupskie Bytów
48%
Kieleckie Skarżysko-Kamienna
48%
Kieleckie Starachowice
48%
Toruńskie Chełmno
47%
Siedleckie Mińsk Mazowiecki
47%
Ciechanowskie Mława
47%
Zielonogórskie Nowa Sól
47%
Gorzowskie Słubice
47%
Krośnieńskie Ustrzyki Dolne
47%
Skierniewickie Łowicz
46%
Olsztyńskie Ostróda
46%
Zielonogórskie Żary
46%
Opolskie Kluczbork
45%
Jeleniogórskie Bolesławiec
44%
Wrocławskie Oleśnica
44%
Legnickie Polkowice
44%
Lubelskie Świdnik
44%
Nowosądeckie Gorlice
43%
Legnickie Jawor
43%
Nowosądeckie Limanowa
43%
Pilskie Wałcz
43%
Zielonogórskie Żagań
43%
Zielonogórskie Świebodzin
42%
Białostockie Bielsk Podlaski
41%
Elbląskie Kwidzyn
41%
Wrocławskie Oława
41%
Zamojskie Tomaszów Lubelski
41%
Sieradzkie Wieluń
41%
Skierniewickie Żyrardów
41%
Łódzkie Aleksandrów Łódzki
40%
Suwalskie Pisz
40%
Olsztyńskie Szczytno
40%
Włocławskie Aleksandrów Kujawski
39%
Elbląskie Braniewo
39%
Łomżyńskie Grajewo
39%
Gorzowskie Kostrzyn nad Odra
39%
Lubelskie Kraśnik
39%
Krakowskie Myślenice
39%
Łomżyńskie Zambrów
39%
Toruńskie Brodnica
38%
Olsztyńskie Kętrzyn
38%
Bydgoskie Nakło nad Notecią
38%
Białostockie Sokółka
38%
Szczecińskie Goleniów
37%
Radomskie Grójec
37%
Konińskie Turek
37%
Chełmskie Włodawa
37%
Sieradzkie Zduńska Wola
37%
Słupskie Człuchów
36%
Kieleckie Końskie
36%
Chełmskie Krasnystaw
36%
Gorzowskie Międzyrzecz
36%
Piotrkowskie Opoczno
36%
Skierniewickie Rawa Mazowiecka
36%
Bydgoskie Świecie
36%
Poznańskie Września
36%
Zamojskie Biłgoraj
35%
Kaliskie Jarocin
35%
Rzeszowskie Łańcut
35%
Siedleckie Łuków
35%
Ciechanowskie Pułtusk
35%
Ostrołęckie Ostrów Mazowiecka
34%
Ciechanowskie Płońsk
34%
Skierniewickie Sochaczew
34%
Leszczyńskie Gostyń
33%
Leszczyńskie Rawicz
33%
Płockie Sierpc
33%
Koszalińskie Białogard
32%
Włocławskie Ciechocinek
32%
Płockie Łęczyca
32%
Rzeszowskie Leżajsk
32%
Lubelskie Lubartów
32%
Częstochowskie Lubliniec
32%
Częstochowskie Myszków
32%
Włocławskie Rypin
32%
Krakowskie Skawina
32%
Poznańskie Śrem
32%
Łomżyńskie Wysokie Mazowieckie
32%
Tarnowskie Brzesko
31%
Łomżyńskie Kolno
31%
Kaliskie Krotoszyn
31%
Bialskopodlaskie Radzyń Podlaski
31%
Wałbrzyskie Dzierżoniów
30%
Siedleckie Garwolin
30%
Częstochowskie Kłobuck
30%
Jeleniogórskie Lubań
30%
Ostrołęckie Wyszków
30%
Ciechanowskie Działdowo
29%
Jeleniogórskie Kamienna Góra
29%
Radomskie Kozienice
29%
Ostrołęckie Przasnysz
29%
Płockie Gostynin
28%
Poznańskie Luboń
28%
Siedleckie Sokołów Podlaski
28%
Tarnowskie Dąbrowa Tarnowska
27%
Leszczyńskie Kościan
27%
Sieradzkie Łask
27%
Włocławskie Lipno
27%
Tarnobrzeskie Nisko
27%
Pilskie Złotów
27%
Rzeszowskie Ropczyce
26%
Koszalińskie Świdwin
26%
Bielskie Andrychów
25%
Białostockie Łapy
25%
Przemyskie Przeworsk
25%
Toruńskie Chełmża
24%
Pilskie Chodzież
24%
Przemyskie Lubaczów
24%
Konińskie Słupca
24%
Radomskie Szydłowiec
24%
Bialskopodlaskie Łosice
23%
Częstochowskie Olesno
23%
Kaliskie Pleszew
23%
Leszczyńskie Wschowa
23%
Ostrołęckie Maków Mazowiecki
21%
Bialskopodlaskie Parczew
21%
Sieradzkie Poddębice
21%
Bialskopodlaskie Międzyrzec Podlaski
20%
Elbląskie Pasłęk
20%
Krakowskie Proszowice
20%
Tarnobrzeskie Staszów
20%
Krośnieńskie Brzozów
19%
Gorzowskie Choszczno
19%
Wałbrzyskie Bielawa
18%
Wrocławskie Jelcz-Laskowice
18%
Radomskie Pionki
18%
Zamojskie Szczebrzeszyn
18%
Pilskie Wągrowiec
18%
Wrocławskie Brzeg Dolny
16%
Chełmskie Rejowiec Fabryczny
16%
Łódzkie Ozorków
15%
Przemyskie Dynów
10%
Konińskie Witkowo
6%
Nie znaleziono quizów pasujących do podanych kryteriów
Rozkład punktacji
Procent ludzi z każdym wynikiem
Percentyl według liczby udzielonych odpowiedzi
Twoja historia wyników
Nie rozwiązałeś tego quizu od ostatniego zresetowania